|
|
|
|
| LEADER |
01342nam a22003252a 4500 |
| 001 |
000801697 |
| 003 |
CZ BrMZK |
| 005 |
20150908092143.0 |
| 007 |
ta |
| 008 |
051214s1953 xr a er|||||||||||cze d |
| 015 |
|
|
|a cnb000935879
|
| 040 |
|
|
|a ABA001
|b cze
|
| 041 |
1 |
|
|a cze
|h hrv
|
| 100 |
1 |
|
|a Šenoa, August,
|d 1838-1881
|7 jn20001005030
|4 aut
|
| 245 |
1 |
0 |
|a Selská vzpoura /
|c August Šenoa ; z chorvatského originálu ... přeložil Otakar Kolman ; ilustroval Miroslav Váša
|
| 250 |
|
|
|a Vyd. 2., v SNKLHU 1.
|
| 260 |
|
|
|a Praha :
|b Státní nakladatelství krásné literatury,
|c 1953
|
| 300 |
|
|
|a 289 s. :
|b il.
|
| 490 |
1 |
|
|a Nesmrtelní ;
|v sv. 12
|
| 500 |
|
|
|a Dostupné též v digitální podobě v aplikaci Kramerius
|
| 700 |
1 |
|
|a Kolman, Otakar,
|d 1887-1955
|7 jk01061381
|4 trl
|
| 700 |
1 |
|
|a Váša, Miroslav,
|d 1920-1996
|7 jk01141640
|4 ill
|
| 765 |
0 |
|
|t Seljačka buna
|9 Česky
|
| 830 |
|
0 |
|a Nesmrtelní (SNKLHU)
|0 s
|
| 856 |
4 |
1 |
|u http://www.digitalniknihovna.cz/mzk/uuid/uuid:a5e72cb0-0c09-11e8-bdb0-005056827e51
|y Digitalizovaný dokument
|x NDK
|
| 910 |
|
|
|a BOA001
|b 2-0311.218
|b PK-0005.301
|
| 990 |
|
|
|a BK
|
| 991 |
|
|
|b 201503
|
| 996 |
6 |
|
|b 2618819558
|c 2-0311.218
|l MZK
|r Sklad / do 24 hodin
|n 0
|w 000801697
|u 000020
|a 1
|e BOA001
|j MZK50
|s P
|
| 996 |
7 |
|
|b 3119651481
|c PK-0005.301
|l MZK
|r Sklad / do 1 hodiny
|n 9
|w 000801697
|u 000010
|a 1
|e BOA001
|j MZK50
|s A
|